000 00600nam a2200205Ia 4500
003 OSt
005 20220927105005.0
006 a|||||r|||| 00| 0
007 ta
008 220926b |||||||| |||| 00| 0 eng d
024 _a154859
037 _cReference Collections
040 _aRTL
_cRTL
_beng
041 _2eng
_aeng
082 _a"B38.22b43. N70, Lo.1-4"
245 0 _aLondon school of economics and political science (university of london)
260 _as.l
_bs.n.
_c1970
942 _h"B38.22b43. N70, Lo.1-4"
_cCC
999 _c690025
_d690025